000 00849na a2200301 4500
999 _c12944
_d12944
001 19377
003 MIRAKIL
005 20190313173816.0
008 161214b tu 000 0
020 _a9789944400190
040 _aMilas
_btur
_cTR-AnCHP
041 _atur
082 _a814.42
_bÇ24ç 2007
090 _a814.42 Ç24ç 2007
100 _aÇakıralp, Şahnaz
245 _aÇıplak ayakla yürümek
_cŞahnaz Çakıralp; editör Şenol Koray Sakınmaz
250 _a2. bs.
260 _aİstanbul
_bAkademi Kültür Sanat Yayıncılık
_c2007
300 _a247 s.
_c21 sm.
440 _aAkademi Kültür Sanat Yayıncılık
490 _aDeneme
_v12
650 _aTürkçe deneme
650 _aTürk edebiyatı
_xDenemeler
700 _aSakınmaz,Şenol Koray
942 _2ddc
_cBKS
999 _d12944
999 _d386